00639nam a2200193 a 450000500170000000800410001701000140005802000230007203500130009503700150010804000180012308200130014124501280015426000400028227000480032230000290037070000210039970000250042020070209063634.0060905s2006 ii b b 001 0 eng  aENG-93444 a8188683752c750.00 aEN-76977 bDBAD / PUB adplbEnglish  a338.4791 aAdvancements in tourism theory and practice:cedited by Babu P. George [and] Sampad Kumar Swain bperspectives from India / aDelhi bAbhijeet Publicationsc2005 a2/46 Tukhmeerpur Extension bDelhi e110094 axviii, 294p.c22cm (Hb)  aGeorge, Babu P.  aSwain, Sampad Kumar